00474nam a22001577a 450000500170000001000190001702000260003603700250006208200110008710000230009824500390012126000350016027000580019530000240025349000390027720230209142939.0 aE.N.A./7.11.22 a9789394888043c995.00 bKHB Publishing House a181.46 aVivekananda, Swami aJnana-Yoga /cby Swami Vivekananda aDelhibSonam Enterprisesc2022 aB-14-15, Gali No.10, Jagatpuri Extn.,bDelhie110 093 a278 p.c22cm. (Hb)  aStrength is life:weakness is death